[Event "Istanbul op"]
[Site "Istanbul"]
[Date "2017.09.13"]
[Round "4"]
[White "Karaokcu, Erkin"]
[Black "Yasin, Hasan"]
[Result "1-0"]
[WhiteElo "2206"]
[BlackElo "1929"]
[PlyCount "60"]
[EventDate "2017.09.11"]
[EventType "swiss"]
[EventRounds "9"]
[EventCountry "TUR"]
[SourceTitle "CBM 180 Extra"]
[Source "ChessBase"]
[SourceDate "2017.10.06"]
[SourceVersion "1"]
[SourceVersionDate "2017.10.06"]
[SourceQuality "1"]

1. Nf3 Nf6 2. c4 d5 3. cxd5 Nxd5 4. e4 Nb6 5. d4 g6 6. h3 Bg7 7. Nc3 0-0 8. Be2 Nc6 9. Be3 e5 10. d5 Ne7 11. 0-0 f5 12. Qb3 Kh8 13. Ng5 h6 14. Ne6 Bxe6 15. dxe6 c6 16. f3 Nec8 17. Bc5 Re8 18. Rfd1 Qf6 19. a4 Rb8 20. a5 Na8 21. Rd7 b5 22. Rad1 Bf8 23. Be3 Be7 24. f4 c5 25. exf5 gxf5 26. Bh5 c4 27. Qc2 Rf8 28. Bf7 Rxf7 29. exf7 Qxf7 30. Nd5 e4 1-0